Alrahiqu Almakhtoom /الرحیق المختوم (Record no. 593136)
[ view plain ]
| 000 -LEADER | |
|---|---|
| fixed length control field | 00454nam a22001217a 4500 |
| 040 ## - CATALOGING SOURCE | |
| Transcribing agency | NUST |
| 082 ## - DEWEY DECIMAL CLASSIFICATION NUMBER | |
| Classification number | 297.63 |
| Author Mark | REH |
| 100 ## - MAIN ENTRY--PERSONAL NAME | |
| Personal name | مولانا صفی الرحمن مبارکپوری |
| 9 (RLIN) | 51020 |
| 245 ## - TITLE STATEMENT | |
| Title | Alrahiqu Almakhtoom /الرحیق المختوم |
| Remainder of title | Sirat un nabvi /سیرت النبی |
| Statement of responsibility, etc. | مولانا صفی الرحمن مبارکپوری |
| 260 ## - PUBLICATION, DISTRIBUTION, ETC. | |
| Place of publication, distribution, etc. | Lahore, |
| Name of publisher, distributor, etc. | almaktabul salfia: |
| Date of publication, distribution, etc. | 1995. |
| 300 ## - PHYSICAL DESCRIPTION | |
| Extent | 656p. ; |
| Other physical details | Hardcover, |
| Dimensions | 23cm. |
| 942 ## - ADDED ENTRY ELEMENTS (KOHA) | |
| Source of classification or shelving scheme | |
| Koha item type | Book |
| Withdrawn status | Lost status | Source of classification or shelving scheme | Damaged status | Not for loan | Permanent Location | Current Location | Date acquired | Shelving control number | Total Checkouts | Total Renewals | Full call number | Barcode | Date last seen | Date last checked out | Price effective from | Koha item type |
|---|---|---|---|---|---|---|---|---|---|---|---|---|---|---|---|---|
| School of Mechanical & Manufacturing Engineering (SMME) | School of Mechanical & Manufacturing Engineering (SMME) | 02/03/2023 | Islamic Books | 2 | 3 | 297.63 REH | SMME-3861 | 12/21/2023 | 12/18/2023 | 02/03/2023 | Book |
